Barriers of a sustainability business strategy

Identifikácia prekážok realizácie udržateľnej podnikateľskej stratégie a možnosti ich prekonania. Každý podnik prechádza procesom prijímania obchodných stratégií so zameraním na trvalo udržateľný rozvoj. Prekážky pre uvedenie obchodnej stratégie do praxe. Príklad z praxe. Navrhnuté riešenia na zákla...

Descrizione completa

Salvato in:
Dettagli Bibliografici
Autore principale: Budinská, Lucia, 1990-
Natura: Capitolo di libro
Lingua:inglese
Soggetti:
Tags: Aggiungi Tag
Nessun Tag, puoi essere il primo ad aggiungerne!!

MARC

LEADER 00000nla a2200000 4500
001 0238605
005 20240502073848.6
041 0 |a eng 
044 |a SK 
245 1 0 |a Barriers of a sustainability business strategy  |c Lucia Budinská 
520 |a Identifikácia prekážok realizácie udržateľnej podnikateľskej stratégie a možnosti ich prekonania. Každý podnik prechádza procesom prijímania obchodných stratégií so zameraním na trvalo udržateľný rozvoj. Prekážky pre uvedenie obchodnej stratégie do praxe. Príklad z praxe. Navrhnuté riešenia na základe prieskumu medzi finančnými riaditeľmi zahraničných spoločností. 
610 2 0 |a stratégia obchodná 
610 2 0 |a rozvoj trvalo udržateľný 
610 2 0 |a podnik súkromný 
610 2 0 |a výkonnosť 
610 2 0 |a stratégia podniková 
100 1 |a Budinská, Lucia, 1990-